000 00312nam a2200121Ia 4500
008 190216s9999||||xx |||||||||||||| ||und||
100 _aGoel B S & Mittal S K
245 0 _aOperations Research
260 _bPrentice Hall Of India Pvt Ltd
_c2000
300 _a991p
650 _aOperation Research
942 _cBK
999 _c6105
_d6105